| 000 | 00460nam a2200217Ia 4500 | ||
|---|---|---|---|
| 003 | 0100 | ||
| 008 | 130307s9999 xx 000 0 und d | ||
| 040 | _cARRUPELIB | ||
| 050 | _aBS2626.L86 1985 | ||
| 100 | _aLongley, Audrey | ||
| 245 | _aActs of the Apostles | ||
| 245 | _b'O' Level guide | ||
| 260 | _aHarare | ||
| 260 | _bLongman | ||
| 260 | _c1985 | ||
| 300 | _a130p. | ||
| 300 | _b20cm | ||
| 650 | _aBIBLE | ||
| 650 | _bPlotinus | ||
| 942 | 0 | 0 | _01 |
| 999 |
_c97464 _d97464 |
||